Auditing: (Record no. 12447)
[ view plain ]
| 000 -LEADER | |
|---|---|
| fixed length control field | 00538nam a22002057a 4500 |
| 003 - CONTROL NUMBER IDENTIFIER | |
| control field | mut |
| 005 - DATE AND TIME OF LATEST TRANSACTION | |
| control field | 20240606081225.0 |
| 008 - FIXED-LENGTH DATA ELEMENTS--GENERAL INFORMATION | |
| fixed length control field | 170929b xxu||||| |||| 00| 0 eng d |
| 020 ## - INTERNATIONAL STANDARD BOOK NUMBER | |
| International Standard Book Number | 0130520365 |
| 040 ## - CATALOGING SOURCE | |
| Transcribing agency | mut |
| 050 ## - LIBRARY OF CONGRESS CALL NUMBER | |
| Classification number | HF5667 |
| Item number | .L45 1993 |
| 100 ## - MAIN ENTRY--PERSONAL NAME | |
| Personal name | Lemon, W. Morley |
| 245 ## - TITLE STATEMENT | |
| Title | Auditing: |
| Remainder of title | an integrated approach |
| 250 ## - EDITION STATEMENT | |
| Edition statement | 5th Canadian ed. |
| 260 ## - PUBLICATION, DISTRIBUTION, ETC. | |
| Place of publication, distribution, etc. | Scarborough, Ontario |
| Name of publisher, distributor, etc. | Prentice Hall Canada Inc. |
| Date of publication, distribution, etc. | c1993 |
| 650 ## - SUBJECT ADDED ENTRY--TOPICAL TERM | |
| Topical term or geographic name entry element | Auditing |
| 700 ## - ADDED ENTRY--PERSONAL NAME | |
| Personal name | Arens, Alvin A. |
| 700 ## - ADDED ENTRY--PERSONAL NAME | |
| Personal name | Loebbecke, James K. |
| 942 ## - ADDED ENTRY ELEMENTS (KOHA) | |
| Source of classification or shelving scheme | Library of Congress Classification |
| Koha item type | Books |
| Withdrawn status | Lost status | Source of classification or shelving scheme | Damaged status | Not for loan | Home library | Current library | Shelving location | Date acquired | Source of acquisition | Total checkouts | Full call number | Barcode | Date last seen | Date last checked out | Price effective from | Koha item type |
|---|---|---|---|---|---|---|---|---|---|---|---|---|---|---|---|---|
| Library of Congress Classification | Murang'a University of Technology Library | Murang'a University of Technology Library | General stacks | 29/09/2017 | Donation-TFC | 2 | HF5667 .L45 1993 | 012885 | 17/12/2024 | 11/12/2024 | 29/09/2017 | Books | ||||
| Library of Congress Classification | Murang'a University of Technology Library | Murang'a University of Technology Library | General stacks | 21/01/2019 | Donation -TFC | HF 5667 .L45 1993 | 024360 | 30/08/2024 | 21/01/2019 | Books | ||||||
| Library of Congress Classification | Murang'a University of Technology Library | Murang'a University of Technology Library | General stacks | 21/01/2019 | Donation -TFC | HF 5667 .L45 1993 | 023843 | 30/08/2024 | 21/01/2019 | Books |